Etica. (Registro nro. 2304)
[ vista simple ]
| 000 -LEADER | |
|---|---|
| fixed length control field | 01303nam a2200325 a 4500 |
| 005 - FECHA ULTIMA MODIFICACION | |
| control field | 20240412122554.0 |
| 008 - CAMPO DE CONTROL (LIBRO) | |
| fixed length control field | 100309e1992||||sp 0f0 S S1 S spa d |
| 020 ## - INTERNATIONAL STANDARD BOOK NUMBER | |
| ISBN | 8474230500 |
| 041 ## - CODIGO DE IDIOMA | |
| Código de idioma del texto/pista de sonido o título separado | spa |
| 092 ## - SIGNATURA TOPOGRAFICA DEWEY LOCAL | |
| número de clasificación | 170 |
| libristica | 77 |
| sección | SAN |
| 100 1# - ENTRADA PRINCIPAL--NOMBRE PERSONAL | |
| Nombre personal | Sánchez Vázquez, Adolfo |
| 9 (RLIN) | 3111 |
| 245 ## - TITULO PROPIAMENTE DICHO | |
| Título | Etica. |
| Subtítulo y Título paralelo | Una crítica de los intentos especulativos de ver la moral como un sistema válido para todos los tiempos y todos los hombres / |
| Mención de responsabilidad y remanente de la transcripción de la portada | Adolfo Sánchez Vázquez |
| 250 ## - MENCION DE EDICION | |
| Mención de edición | 5a ed. |
| 260 ## - PIE DE IMPRENTA | |
| Lugar de publicación, distribución, etc | Barcelona: |
| Nombre de la editorial, distribuidor, etc | Critica; |
| Fecha de publicación | 1992. |
| 300 ## - DESCRIPCION FISICA | |
| Extension | 279 p. |
| 500 ## - NOTA GENERAL | |
| Nota general | Sánchez Vázquez, A. (1992). Ética. Un crítica de los intentos especulativos de ver la moral como un sistema válido para todos los tiempos y todos los hombres. (5a ed.). Barcelona : Crítica. |
| 590 ## - NOTAS LOCALES (RLIN) | |
| Nota local | Donación Dora Vera, febrero 2017 |
| 653 ## - TÉRMINO INDIZADO - PALABRAS CLAVES | |
| Palabra clave | Objeto de la etica |
| 653 ## - TÉRMINO INDIZADO - PALABRAS CLAVES | |
| Palabra clave | Moral e historia |
| 653 #3 - TÉRMINO INDIZADO - PALABRAS CLAVES | |
| Palabra clave | La esencia de la moral |
| 653 #3 - TÉRMINO INDIZADO - PALABRAS CLAVES | |
| Palabra clave | La moral y otras formas de conducta humana |
| 653 ## - TÉRMINO INDIZADO - PALABRAS CLAVES | |
| Palabra clave | Responsabilidad moral,determinismo y libertad |
| 653 #4 - TÉRMINO INDIZADO - PALABRAS CLAVES | |
| Palabra clave | Los valores |
| 653 #3 - TÉRMINO INDIZADO - PALABRAS CLAVES | |
| Palabra clave | La valoracion moral |
| 653 #3 - TÉRMINO INDIZADO - PALABRAS CLAVES | |
| Palabra clave | La obligatoriedad moral |
| 653 #3 - TÉRMINO INDIZADO - PALABRAS CLAVES | |
| Palabra clave | La realización de la moral |
| 653 ## - TÉRMINO INDIZADO - PALABRAS CLAVES | |
| Palabra clave | Forma y justificacion de los juicios morales |
| 653 ## - TÉRMINO INDIZADO - PALABRAS CLAVES | |
| Palabra clave | Doctrinas eticas fundamentales |
| 942 ## - ADDED ENTRY ELEMENTS (KOHA) | |
| Source of classification or shelving scheme | Dewey Decimal Classification |
| Item type | Libros |
| Estado de retiro | Existencia | Fuente de clasificación | Estado general | No para prestamo | Ubicación permanente | ubicación actual | Sala de ubicación | Fecha de adquisición | Fuente de adquisición | Total Checkouts | Total Renewals | Número de clasificación | Código de barras | Date last seen | Date last borrowed | Número de ejemplar | Price effective from | Koha tipo de elemento (item) | Public note |
|---|---|---|---|---|---|---|---|---|---|---|---|---|---|---|---|---|---|---|---|
| Dewey Decimal Classification | Biblioteca Medicina | Biblioteca Medicina | Circulación | 21/02/2017 | Donacion Dora Vera, febrero 2017 | 1 | 1 | 170 77 SAN | 3745 | 07/09/2021 | 24/08/2021 | Ej.1 | 21/02/2017 | Libros | Donacion Dora Vera, febrero 2017 |